01207nas a2200325 4500001001300000003000900013005001700022007000300039008003400042040005400076041000900130072000800139100002100147100001800168100002300186100002400209100001800233100002200251245011900273650001900392650002400411650001700435650001700452773012300469856005300592909004000645942001800685999001900703952015900722BR2015001295BR-BrBNA20231205125048.0ta230509b bl.|||p| |||| 00| 00por d aBR-BrBNAbporcBiblioteca Nacional de Agricultura a(En) aF041 aSantos, I.L. dos1 aCaixeta, C.F.1 aSousa, A.A.T.C. de1 aFigueiredo, C.C. de1 aRamos, M.L.G.1 aCarvalho, A.M. de1 aCover plants and mineral nitrogen: effects on organic matter fractions in an oxisol under notillage in the cerrado aPLANTIO DIRETO aPLANTA DE COBERTURA aADUBAÇÃO aNITROGÊNIO0 tRevista Brasileira de Ciência do Solo (Brasil)xISSN 0100-0683 g(Nov-Dec 2014), v. 38(6) p. 1874-1881wBR201500129540uhttp://www.scielo.br/pdf/rbcs/v38n6/a22v38n6.pdf a202311bLúciac55dLúcia Elande 2AGRISn0cANA c242410d242410 002AGRIS4071a41918b41918cPeriódicos Agrícolash(Nov-Dec 2014), v. 38(6) p. 1874-1881l0r2023-11-29t01yCRePortaria Interministerial nº 164/94